00688nam a22002297a 450000500170000001000110001702000100002803500110003803700160004904000120006508200120007710000260008924500370011526000300015227000120018230000200019465000310021465000190024594200210026499900190028595201540030420170124110104.0 a391665 c00.00 a391665 bCen Lib/Ret aDPLbEN aN-bALB aAlbert, Alain 927666 aThe crossing /cby Alain Albert  bHeinemann c1964aLondon  bLondon  a155p.c19cm(Hb) aEnglish literature 986862 aNovels 913976 2ddccENhN-mALB c129878d129878 04104070aLbLd2015-07-07eCen Lib/Retg0.00l0oN- ALBp391665r2015-07-07 00:00:00t1v0.00w2015-07-07yENzW/d List No. 6858/2: dtd 04/08/2020